LEADER 00495nab a2200145 i 4500 001 000000324749 003 CaOOAMICUS 005 20180831173449.0 008 180831n xx uu u0 0mul r 013 $a35653 040 $aSeMil$bita 245 10$aIndici "Liber Annuus" 1981-2013. 650 4$aLiber Annuus - Indici - 1981-2013.$0(OLS)http://semarc/subject/44398 773 0 $t[vedi periodico].$gp.[731]-741$w()287817 996 $6245$aIndici "Liber Annuus" 1981-2013.$9(OLS)http://semarc/title/398005 LEADER 01237nam a2200277 i 4500 001 000000197632 003 CaOOAMICUS 005 20121016000000.0 008 121016s2008 it u000 u ita u 013 $a176319 020 $a978-88-16-40834-0 040 $aSeMil$bita 100 1 $aPomi, Damiano.$0(OLS)http://semarc/name/71521 245 13$aLa parola si fa arte :$bluoghi e significati del Sacro Monte di Varallo /$cDamiano Pomi. 260 $aMilano :$bJaca Book,$c2008. 300 $a327 p., [16] p. di tav. :$bill. ;$c24 cm. 490 0 $aDi fronte e attraverso ;$v834 500 $aSul front.: Imago Veritatis, l'arte come via spirituale. 650 4$aArte - Italia - Varallo - Sacro Monte.$0(OLS)http://semarc/subject/22606 830 0$aDi fronte e attraverso ;$v834.$0(OLS)http://semarc/title/6486 850 $aSeMil 852 $aSeMil$W1$xVenegono$y1$m3P III 343$j148188$B148188$CSeMilBibl$Z2$F159617 $81 961 $aOmaggio: Delpini mons. Mario 996 $6020$a978-88-16-40834-0$9(OLS)http://semarc/number/189792 996 $6245$aLa parola si fa arte :$bluoghi e significati del Sacro Monte di Varallo$9(OLS)http://semarc/title/285396 996 $6260$aMilano :$bJaca Book$9(OLS)http://semarc/publisher/29781